000 01277nam a2200301Ia 4500
999 _c3696
_d3696
003 OSt
005 20200527194455.0
008 191128t1993 ck ad fr 001 0 spa d
020 _a8434420872
040 _aCO-JMCR
_cCO-JMCR
041 1 _aspa
_heng
082 0 4 _a330 /
_bS855e
_223
100 1 _aStiglitz, Joseph E.,
_eautor
_93808
245 1 0 _aEconomía /
_cJoseph E. Stiglitz ; traducción M.a Esther Rabasco Espáriz
250 _a1a. edición
260 _aBarcelona :
_bAriel,
_c©1993
300 _a1292 páginas :
_bgráficos a blanco y negro ;
_c24 cm.
490 0 _aAriel economía
500 _aIncluye índice analítico.
505 0 _aMercados perfectos -- Mercados imperfectos -- Mercados agregados -- El papel del dinero -- Medidas en favor del crecimiento y de la estabiblidad
520 _aLa categoría académica de Joseph E. Stiglitz es hoy indiscutible. En Economía, el autor establece un nuevo paradigma para los primeros cursos de disciplina. Relaciona la macroeconomía con la microeconomía de forma radical y novedosa.
534 _pEconomics
546 _aTraducido del inglés
650 1 4 _aTeoría económica
_91066
650 1 4 _aEconomía
_94777
700 1 _aRabasco Espáriz, M.a Esther,
_etraductora
_94778
942 _2ddc
_cBK